000
00276nam a2200109Ia 4500
008
231219s9999 xx 000 0 und d
041
_a
eng
100
_a
Sumantra Ghoshal
245
_a
Managing Radical Change
260
_b
Penguin Books India Pvt Ltd
650
_a
Management
999
_c
978895
_d
978895